| 000 | 01005nam a2200277 a 4500 | ||
|---|---|---|---|
| 001 | 000019365 | ||
| 005 | 20200929170009.0 | ||
| 008 | 100626s1981 sp 000 f spa d | ||
| 020 | _a8475250084 | ||
| 040 |
_aDO-SdBNP _bspa _cBNPHU |
||
| 041 | 1 | 7 |
_aspa _heng _2Código de idiomas MARC |
| 082 |
_a823.8 _bS847e |
||
| 100 | 1 |
_aStevenson, Robert Louis, _d1850-1894 _91070 |
|
| 240 | 1 | 4 |
_aThe strange case of Dr. Jekyll and Mr. Hyde. _lEspañol |
| 245 | 1 | 3 |
_aEl extraño caso del Dr. Jekyll y Mr. Hyde / _cRobert L. Stevenson ; traducción de Luis Sánchez Bardón. |
| 260 |
_aMadrid : _bGenerales Anaya, _c1981. |
||
| 300 |
_a207, [1] p. : _bil. ; _c20 cm. |
||
| 490 | 1 |
_aTus libros _v4 |
|
| 534 |
_pTítulo original en inglés: _tThe strange case of Dr. Jekyll and Mr. Hyde. _cNew York : Scribner, 1886. |
||
| 650 | 4 |
_aNovela inglesa _91071 |
|
| 650 | 4 |
_aLiteratura inglesa _9498 |
|
| 700 | 1 |
_aSánchez Bardón, Luis, _etr. _941607 |
|
| 830 | 0 |
_aTus libros ; _v4 _941608 |
|
| 910 | _aWM | ||
| 049 | _aBNGR | ||
| 999 |
_c18882 _d18882 |
||